Нужен разговор по существу; Мы - математики

Bibliografiske detaljer
Parent link:Мы - математики.— 2002.— С. 29-35
Hovedforfatter: Беломестных Л. А. Людмила Афанасьевна
Sprog:russisk
Udgivet: 2002
Fag:
Format: MixedMaterials Book Chapter
KOHA link:https://koha.lib.tpu.ru/cgi-bin/koha/opac-detail.pl?biblionumber=191485

MARC

LEADER 00000naa2a2200000 4500
001 191485
005 20231031180722.0
035 |a (RuTPU)RU\TPU\book\208787 
090 |a 191485 
100 |a 20110205d2002 k y0rusy50 ca 
101 0 |a rus 
102 |a RU 
200 1 |a Нужен разговор по существу  |f Л. А. Беломестных 
463 0 |0 (RuTPU)RU\TPU\book\46950  |t Мы - математики  |f Томский политехнический университет. Кафедра высшей математики  |v С. 29-35  |d 2002  |p 105 с. 
610 1 |a высшая математика 
610 1 |a кафедры 
610 1 |a преподавание 
610 1 |a математика 
610 1 |a обучение 
610 1 |a педагогическая деятельность 
610 1 |a труды учёных ТПУ 
700 1 |a Беломестных  |b Л. А.  |c российский математик  |c доцент Томского политехнического университета  |g Людмила Афанасьевна  |2 stltpush  |3 (RuTPU)RU\TPU\pers\25926 
801 1 |a RU  |b 63413507  |c 20110205 
801 2 |a RU  |b 63413507  |c 20130919  |g RCR 
942 |c BK